KOHA-Header-6

Conspiracy Against Pakistan (Record no. 1256)

000 -LEADER
fixed length control field 00268nam a2200109Ia 4500
008 - FIXED-LENGTH DATA ELEMENTS--GENERAL INFORMATION
fixed length control field 190723s9999 xx 000 0 und d
100 ## - MAIN ENTRY--PERSONAL NAME
Personal name Azmat Wali (Alig)
245 #0 - TITLE STATEMENT
Title Conspiracy Against Pakistan
260 ## - PUBLICATION, DISTRIBUTION, ETC. (IMPRINT)
Place of publication, distribution, etc Karachi
Name of publisher, distributor, etc Royal Book
Date of publication, distribution, etc 1990
300 ## - PHYSICAL DESCRIPTION
Extent 367
942 ## - ADDED ENTRY ELEMENTS (KOHA)
Koha item type Books
Holdings
Withdrawn status Lost status Damaged status Not for loan Permanent Location Current Location Date acquired Full call number Barcode Date last seen Price effective from Koha item type
        MAJU MAJU 2019-07-23 915.4 7881 2019-07-23 2019-07-23 Books

Powered by Koha